What jumps? / (Record no. 9769)

MARC details
000 -LEADER
fixed length control field 00807nam a22002777a 4500
001 - CONTROL NUMBER
control field 9769
003 - CONTROL NUMBER IDENTIFIER
control field FISKH
005 - DATE AND TIME OF LATEST TRANSACTION
control field 20260213112924.0
008 - FIXED-LENGTH DATA ELEMENTS--GENERAL INFORMATION
fixed length control field 260213b cb ||||| |||| 00| 0 eng d
020 ## - INTERNATIONAL STANDARD BOOK NUMBER
International Standard Book Number 9780545256759
020 ## - INTERNATIONAL STANDARD BOOK NUMBER
International Standard Book Number 0545256755
040 ## - CATALOGING SOURCE
Original cataloging agency FISKH
Language of cataloging eng
Transcribing agency FISKH
Modifying agency FISKH
082 ## - DEWEY DECIMAL CLASSIFICATION NUMBER
Classification number 416
100 ## - MAIN ENTRY--PERSONAL NAME
Personal name Charlesworth , Liza
245 ## - TITLE STATEMENT
Title What jumps? /
Statement of responsibility, etc. By Liza Charlesworth
260 ## - PUBLICATION, DISTRIBUTION, ETC.
Place of publication, distribution, etc. New York :
Name of publisher, distributor, etc. Scholastic ,
Date of publication, distribution, etc. 2010 .
300 ## - PHYSICAL DESCRIPTION
Extent 8 pages :
Other physical details color illustrations ;
Dimensions 14 X 14 cm .
490 ## - SERIES STATEMENT
Series statement First Little Readers
Volume/sequential designation Level B
505 ## - FORMATTED CONTENTS NOTE
Formatted contents note B <br/><br/>
520 ## - SUMMARY, ETC.
Summary, etc. "Just the right level for beginning readers"--Container.
521 8# - TARGET AUDIENCE NOTE
Target audience note 100 BR <br/><br/>
Source Lexile <br/><br/>
521 8# - TARGET AUDIENCE NOTE
Target audience note B <br/><br/>
Source Raz-Plus <br/>
700 ## - ADDED ENTRY--PERSONAL NAME
Personal name Kennedy , Anne
Relator term Illustrator
942 ## - ADDED ENTRY ELEMENTS (KOHA)
Source of classification or shelving scheme Dewey Decimal Classification
Koha item type Books
Suppress in OPAC No
Holdings
Withdrawn status Lost status Source of classification or shelving scheme Damaged status Not for loan Collection Home library Current library Shelving location Date acquired Total Checkouts Full call number Barcode Date last seen Price effective from Koha item type
    Dewey Decimal Classification     Juvenile Fiction Footprints International School Library Network Toul Tom Poung Campus Footprints International School Library Network Toul Tom Poung Campus TTP Primary Green Bookshelves 02/13/2026   CHA 416 FISTK03062 02/13/2026 02/13/2026 Books